000 00657nam a2200217 a 4500
001 BRCA_5871
005 20190320205239.0
008 160311d192?----fr-#######---#000-0#fre-#
041 _afre
044 _afr
050 4 _aSB409
_p.C66
245 1 0 _aAtlas des orchidees cultivees.
_cJulien Constantin.
260 _aParis
_bE. Orlhac
_c(19-?)
300 _av.1
_bil.
_c33 cm.
500 _aSólo el fascículo 1 y 2 están completos; hay dos pastas sueltas del 3er fascículo.
500 _aH118
505 0 _aEl fascículo 4, 6, 7, 8, 9, 10 y 11, sólo estan las portadas.
650 1 4 _aOrquídeas
_eBotánica.
_97665
902 _aGFM
942 _2lcc
_cB
999 _c5560
_d5560